[Event "GER-ch"]
[Site "Bad Neuenahr"]
[Date "1991.??.??"]
[Round "7"]
[White "Hickl, Joerg"]
[Black "Schoene, Ralf"]
[Result "1-0"]
[WhiteElo "2480"]
[BlackElo "2350"]
[EventDate "1991.06.??"]
[PlyCount "108"]

1. g3 e5 2. Bg2 Nc6 3. c4 h5 4. h3 d6 5. Nc3 g6 6. Nf3 Bg7 7. d3 Nd4 8. Nxd4 exd4 9. Ne4 Nh6 10. Bf4 f6 11. Qc2 Nf7 12. h4 Bd7 13. b4 Qe7 14. Bc1 O-O-O 15. Bb2 f5 16. Nd2 c5 17. Nb3 Rde8 18. bxc5 dxc5 19. O-O-O Ne5 20. Ba3 b6 21. Rde1 Bc6 22. Bxc6 Nxc6 23. Kb1 Qd6 24. Bb2 Re7 25. a3 Bh6 26. e4 Rhe8 27. f4 Nd8 28. Nd2 Qc6 29. Rh2 Nf7 30. Rhe2 Bf8 31. Nf3 Bg7 32. exf5 Rxe2 33. Rxe2 gxf5 34. Bc1 Re6 35. Ng5 Nxg5 36. hxg5 Kb7 37. Rxe6 Qxe6 38. Qd1 b5 39. cxb5 c4 40. Qf3+ Kb6 41. dxc4 Qxc4 42. Qc6+ Qxc6 43. bxc6 d3 44. Be3+ Kxc6 45. Bxa7 Kd5 46. Kc1 Ke4 47. a4 Kf3 48. Kd2 Kxg3 49. a5 h4 50. a6 h3 51. Bf2+ Kxf2 52. a7 h2 53. a8=Q Kg1 54. Qa7+ Kg2 1-0

[Event "GER-ch"]
[Site "Bad Neuenahr"]
[Date "1991.??.??"]
[Round "7"]
[White "Kunze, Markus"]
[Black "Lutz, Christopher"]
[Result "0-1"]
[WhiteElo "2360"]
[BlackElo "2500"]
[EventDate "1991.06.??"]
[PlyCount "80"]

1. e4 c5 2. Nf3 d6 3. d4 cxd4 4. Nxd4 Nf6 5. Nc3 a6 6. Bg5 Nc6 7. Qd2 e6 8. O-O-O h6 9. Be3 Be7 10. f3 Nxd4 11. Qxd4 e5 12. Qb6 Qxb6 13. Bxb6 Be6 14. Nd5 Bxd5 15. exd5 Nd7 16. Bf2 Bd8 17. c4 Bb6 18. Bxb6 Nxb6 19. Kd2 Rc8 20. b3 Ke7 21. Bd3 g6 22. h4 h5 23. f4 Nd7 24. g3 f5 25. Rhe1 Kf6 26. b4 Rhe8 27. Rc1 Nb6 28. a3 a5 29. Rc2 axb4 30. Rb1 e4 31. Bf1 Nxd5 32. axb4 Nc7 33. Ke3 Ra8 34. Rb3 Ra1 35. Be2 Rea8 36. Kd4 R8a3 37. Rxa3 Rxa3 38. c5 Ne6+ 39. Kd5 dxc5 40. bxc5 Rxg3 0-1

[Event "GER-ch"]
[Site "Bad Neuenahr"]
[Date "1991.??.??"]
[Round "7"]
[White "Lau, Ralf"]
[Black "Schuh, Hubert"]
[Result "1/2-1/2"]
[WhiteElo "2485"]
[BlackElo "2375"]
[EventDate "1991.06.??"]
[PlyCount "37"]

1. e4 c5 2. Nf3 e6 3. d4 cxd4 4. Nxd4 Nf6 5. Nc3 d6 6. f4 a6 7. Be2 Qc7 8. O-O Be7 9. Kh1 O-O 10. a4 b6 11. Bf3 Bb7 12. e5 Ne8 13. Qe2 Nc6 14. Be3 Na5 15. Bxb7 Qxb7 16. Rad1 Rc8 17. Bc1 Nc4 18. Nf3 b5 19. axb5 1/2-1/2

[Event "GER-ch"]
[Site "Bad Neuenahr"]
[Date "1991.??.??"]
[Round "7"]
[White "Poldauf, Dirk"]
[Black "Schmittdiel, Eckhard"]
[Result "0-1"]
[WhiteElo "2355"]
[BlackElo "2485"]
[EventDate "1991.06.??"]
[PlyCount "106"]

1. c4 e5 2. Nc3 Nc6 3. Nf3 f5 4. d4 e4 5. Nd2 Nf6 6. e3 g6 7. Be2 Bg7 8. O-O O-O 9. f3 Bh6 10. Nb3 Qe7 11. f4 d5 12. cxd5 Nb4 13. Na5 Nbxd5 14. Nc4 Be6 15. Bd2 c5 16. dxc5 Qxc5 17. Nxd5 Nxd5 18. Rc1 Rfd8 19. Ne5 Qd6 20. Nc4 Qe7 21. Qe1 Bg7 22. a3 Rac8 23. Kh1 Bf6 24. b4 a6 25. Ne5 Qg7 26. Nc4 b5 27. Na5 Bb2 28. Rb1 Bc3 29. Nb3 Bxd2 30. Qxd2 Nc3 31. Nd4 Nxb1 32. Rxb1 Bc4 33. Bxc4+ Rxc4 34. Rd1 Qf7 35. h3 Rcc8 36. Qf2 Rc3 37. g4 fxg4 38. hxg4 Rxa3 39. Rc1 Qd7 40. f5 Rc8 41. Rf1 Qf7 42. Qf4 Re8 43. Rc1 Ra2 44. f6 Rf8 45. Rf1 h5 46. Nc6 Qd7 47. Ne5 Qd2 48. f7+ Kh7 49. Rg1 Qf2 50. Nxg6 Rxf7 51. Nf8+ Rxf8 52. Qxe4+ Kh8 53. Qe5+ Qf6 0-1

[Event "GER-ch"]
[Site "Bad Neuenahr"]
[Date "1991.??.??"]
[Round "7"]
[White "Volke, Karsten"]
[Black "Muse, Mladen"]
[Result "1-0"]
[WhiteElo "2395"]
[BlackElo "2460"]
[EventDate "1991.06.??"]
[PlyCount "81"]

1. d4 Nf6 2. c4 g6 3. Nc3 d5 4. e3 Bg7 5. Qb3 c6 6. Nf3 O-O 7. Bd3 dxc4 8. Bxc4 b5 9. Be2 a5 10. O-O Nbd7 11. Qc2 Bb7 12. b3 Qb8 13. Bb2 Rc8 14. Rfd1 c5 15. Qd2 cxd4 16. exd4 b4 17. Na4 Bd5 18. Ne5 e6 19. Nc4 Ne4 20. Qe3 Nd6 21. Nxd6 Qxd6 22. Rac1 Qf8 23. Rxc8 Rxc8 24. Rc1 Rc6 25. Bb5 Bh6 26. f4 Rxc1+ 27. Qxc1 Qd6 28. Qc8+ Kg7 29. g3 Nf6 30. Qc1 Ba8 31. Qc5 Bxf4 32. gxf4 Qxf4 33. d5 Bxd5 34. Qd4 Qg5+ 35. Kf2 Qf5+ 36. Ke1 Qb1+ 37. Kd2 Qf5 38. Nb6 Qg5+ 39. Qe3 Qg2+ 40. Be2 Bc6 41. Qf4 1-0

[Event "GER-ch"]
[Site "Bad Neuenahr"]
[Date "1991.??.??"]
[Round "8"]
[White "Hickl, Joerg"]
[Black "Serrer, Christoph"]
[Result "1-0"]
[WhiteElo "2480"]
[BlackElo "2305"]
[EventDate "1991.06.??"]
[PlyCount "83"]

1. g3 d5 2. Bg2 c6 3. Nf3 Nf6 4. b3 Bf5 5. Bb2 Nbd7 6. d3 h6 7. Nbd2 e6 8. O-O Bh7 9. c4 Be7 10. a3 a5 11. Bc3 O-O 12. Qc2 Bd6 13. b4 axb4 14. axb4 Qe7 15. c5 Bc7 16. Bh3 e5 17. e4 dxe4 18. dxe4 Nd5 19. Rxa8 Rxa8 20. Bb2 N5f6 21. Re1 Ra2 22. Qb3 Ra7 23. Qc4 Ra6 24. Nh4 b5 25. Qb3 Nf8 26. Nf5 Bxf5 27. exf5 Qd8 28. Nf3 Qd5 29. Qxd5 Nxd5 30. Bxe5 Bxe5 31. Nxe5 Nxb4 32. Rd1 f6 33. Ng6 Kf7 34. Nf4 Ra7 35. Bg4 Nd7 36. Bh5+ Ke7 37. Ne6 Nc2 38. Rd2 Ra1+ 39. Kg2 Ne1+ 40. Kh3 Nf8 41. Nd4 g6 42. fxg6 1-0

[Event "GER-ch"]
[Site "Bad Neuenahr"]
[Date "1991.??.??"]
[Round "8"]
[White "Schmittdiel, Eckhard"]
[Black "Lau, Ralf"]
[Result "0-1"]
[WhiteElo "2485"]
[BlackElo "2485"]
[EventDate "1991.06.??"]
[PlyCount "98"]

1. e4 d6 2. d4 Nf6 3. Nc3 g6 4. Bg5 Bg7 5. Qd2 h6 6. Bh4 c6 7. f4 O-O 8. Bd3 b5 9. Nf3 b4 10. Ne2 Qb6 11. h3 Re8 12. e5 Nd5 13. Bf2 Ba6 14. e6 fxe6 15. Nh4 Nd7 16. Nxg6 Bxd3 17. Qxd3 Qb5 18. Qe4 Nc7 19. Bh4 Nf6 20. Bxf6 Bxf6 21. O-O-O Qd5 22. Qd3 Qxa2 23. g4 b3 24. g5 bxc2 25. Qxc2 hxg5 26. Rhg1 Rab8 27. fxg5 Bg7 28. Qb1 Qc4+ 29. Qc2 Qxc2+ 30. Kxc2 Nd5 31. Rb1 Rb4 32. Rge1 Reb8 33. Nc3 Kf7 34. Nh4 Rxd4 35. g6+ Ke8 36. Nxd5 cxd5 37. Nf3 Rc4+ 38. Kd1 Kd7 39. Ng5 e5 40. Rf1 Bf6 41. Nh7 Ke6 42. Ra1 Rbc8 43. g7 Bxg7 44. Ng5+ Kd7 45. Rxa7+ R8c7 46. Rxc7+ Rxc7 47. h4 Rc4 48. Rf7 Bf6 49. Rh7 e4 0-1

[Event "GER-ch"]
[Site "Bad Neuenahr"]
[Date "1991.??.??"]
[Round "8"]
[White "Schoene, Ralf"]
[Black "Muse, Mladen"]
[Result "0-1"]
[WhiteElo "2350"]
[BlackElo "2460"]
[EventDate "1991.06.??"]
[PlyCount "77"]

1. d4 Nf6 2. c4 g6 3. g3 Bg7 4. Bg2 O-O 5. Nc3 d6 6. Nf3 c6 7. O-O Qa5 8. h3 Be6 9. d5 cxd5 10. Nd4 dxc4 11. Nxe6 fxe6 12. Bxb7 Nbd7 13. Bxa8 Rxa8 14. Qa4 Qxa4 15. Nxa4 Ne4 16. Kg2 d5 17. f3 Nd6 18. Bd2 Rb8 19. Rab1 d4 20. Rfc1 e5 21. e4 Rb5 22. b3 c3 23. Nxc3 dxc3 24. Rxc3 Nc5 25. b4 Ne6 26. a4 Rb7 27. b5 Bf6 28. Be3 Kf7 29. Rc6 Bg5 30. Bxg5 Nxg5 31. Rc5 Ne6 32. Rxe5 Nc4 33. f4 Nxe5 34. fxe5 Nc5 35. a5 Ke6 36. b6 axb6 37. Rxb6+ Rxb6 38. axb6 Kxe5 39. Kf3 0-1

[Event "GER-ch"]
[Site "Bad Neuenahr"]
[Date "1991.??.??"]
[Round "8"]
[White "Uhlmann, Wolfgang"]
[Black "Kunze, Markus"]
[Result "1-0"]
[WhiteElo "2510"]
[BlackElo "2360"]
[EventDate "1991.06.??"]
[PlyCount "65"]

1. c4 g6 2. e4 Bg7 3. d4 d6 4. Nc3 Nf6 5. Be2 O-O 6. Bg5 a6 7. Nf3 Nbd7 8. Qd2 c5 9. d5 b5 10. cxb5 axb5 11. Bxb5 Ba6 12. Bxa6 Rxa6 13. O-O Ng4 14. Qe2 Rb6 15. Rac1 h6 16. Bh4 Nge5 17. Nxe5 Nxe5 18. b3 g5 19. Bg3 Ng6 20. f4 Rb4 21. Kh1 Qd7 22. f5 Ne5 23. Rc2 Rc8 24. Nd1 Qb5 25. Qxb5 Rxb5 26. Ne3 h5 27. Bxe5 Bxe5 28. Nc4 Bd4 29. f6 Rb7 30. Rf5 Ra8 31. fxe7 Rxe7 32. Rxg5+ Kf8 33. Re2 1-0

[Event "GER-ch"]
[Site "Bad Neuenahr"]
[Date "1991.??.??"]
[Round "9"]
[White "Buecker, Stefan"]
[Black "Schmittdiel, Eckhard"]
[Result "1/2-1/2"]
[WhiteElo "2345"]
[BlackElo "2485"]
[EventDate "1991.06.??"]
[PlyCount "33"]

1. e4 e6 2. Nf3 d5 3. e5 c5 4. b4 d4 5. bxc5 Bxc5 6. Ba3 Qe7 7. Bxc5 Qxc5 8. c3 Nc6 9. cxd4 Nxd4 10. Qa4+ Nc6 11. Nc3 Nh6 12. Ne4 Qb4 13. Nd6+ Ke7 14. Qxb4 Nxb4 15. Rb1 Nd5 16. Bc4 Nb6 17. Bd3 1/2-1/2

[Event "GER-ch"]
[Site "Bad Neuenahr"]
[Date "1991.??.??"]
[Round "9"]
[White "Hort, Vlastimil"]
[Black "Hickl, Joerg"]
[Result "1/2-1/2"]
[WhiteElo "2540"]
[BlackElo "2480"]
[EventDate "1991.06.??"]
[PlyCount "44"]

1. e4 g6 2. d4 d6 3. c4 e5 4. Nc3 exd4 5. Qxd4 Nf6 6. Bg5 Nbd7 7. f4 h6 8. Bh4 c5 9. Qd3 g5 10. fxg5 Ng4 11. Nf3 Nde5 12. Qd2 Be7 13. O-O-O Be6 14. Nb5 hxg5 15. Bg3 f6 16. b3 Nf7 17. Be2 Qb6 18. h3 Nge5 19. Nxe5 dxe5 20. Bf3 Rd8 21. Qc2 a6 22. Nc3 Qa5 1/2-1/2

[Event "GER-ch"]
[Site "Bad Neuenahr"]
[Date "1991.??.??"]
[Round "9"]
[White "Kunze, Markus"]
[Black "Schaefer, Markus"]
[Result "0-1"]
[WhiteElo "2360"]
[BlackElo "2400"]
[EventDate "1991.06.??"]
[PlyCount "82"]

1. e4 e6 2. d4 d5 3. Nd2 Nf6 4. e5 Nfd7 5. c3 c5 6. Bd3 Nc6 7. Ngf3 Be7 8. O-O g5 9. dxc5 Nxc5 10. Bb5 Qb6 11. Qe2 a6 12. Bxc6+ bxc6 13. c4 a5 14. Qe3 Nd7 15. Qxb6 Nxb6 16. Nd4 Bb7 17. cxd5 cxd5 18. Nb1 Kd7 19. Nc3 a4 20. Rb1 Rhc8 21. Rd1 Nc4 22. f4 gxf4 23. Bxf4 f6 24. Nf3 Bc5+ 25. Kh1 Be3 26. Bg3 f5 27. Nb5 Ba6 28. Nbd4 Rab8 29. b4 Na3 30. Rb2 Rc1 31. Re1 Rbc8 32. b5 Rxe1+ 33. Bxe1 Bxd4 34. Nxd4 Nxb5 35. Nxb5 Rc1 36. Kg1 Rxe1+ 37. Kf2 Rxe5 38. Nc3 a3 39. Rb3 d4 40. Na4 Ra5 41. Rxa3 Kc6 0-1

[Event "GER-ch"]
[Site "Bad Neuenahr"]
[Date "1991.??.??"]
[Round "9"]
[White "Lau, Ralf"]
[Black "Lutz, Christopher"]
[Result "1/2-1/2"]
[WhiteElo "2485"]
[BlackElo "2500"]
[EventDate "1991.06.??"]
[PlyCount "44"]

1. Nf3 Nf6 2. c4 e6 3. Nc3 d5 4. d4 Be7 5. Bg5 h6 6. Bxf6 Bxf6 7. e3 O-O 8. Rc1 c6 9. Bd3 Nd7 10. O-O dxc4 11. Bxc4 e5 12. h3 exd4 13. exd4 Nb6 14. Bb3 a5 15. a3 Bf5 16. Re1 Re8 17. Rxe8+ Qxe8 18. Qd2 Qd7 19. Re1 Re8 20. Rxe8+ Qxe8 21. Qf4 Be6 22. Bxe6 Qxe6 1/2-1/2

[Event "GER-ch"]
[Site "Bad Neuenahr"]
[Date "1991.??.??"]
[Round "9"]
[White "Volke, Karsten"]
[Black "Schuh, Hubert"]
[Result "1/2-1/2"]
[WhiteElo "2395"]
[BlackElo "2375"]
[EventDate "1991.06.??"]
[PlyCount "71"]

1. d4 d5 2. c4 e6 3. Nc3 Nf6 4. cxd5 exd5 5. Bg5 c6 6. e3 Nbd7 7. Bd3 Bd6 8. Nge2 Nf8 9. Qc2 Ng6 10. Ng3 O-O 11. Nh5 Be7 12. Nf4 Ng4 13. Bxe7 Qxe7 14. Nce2 Nxf4 15. Nxf4 g6 16. O-O-O Nh6 17. h4 Bf5 18. Bxf5 Nxf5 19. h5 Qf6 20. g4 Nd6 21. g5 Qf5 22. Qxf5 Nxf5 23. Rh3 Rae8 24. Nd3 Re7 25. Ne5 gxh5 26. Rxh5 f6 27. gxf6 Rxf6 28. Ng4 Rg6 29. Ne5 Rf6 30. Ng4 Rg6 31. Rxf5 Rxg4 32. Rh1 Rg6 33. Kd2 h6 34. Rh2 Kg7 35. b4 Rg1 36. Rfh5 1/2-1/2

[Event "GER-ch"]
[Site "Bad Neuenahr"]
[Date "1991.??.??"]
[Round "10"]
[White "Hickl, Joerg"]
[Black "Kunze, Markus"]
[Result "1/2-1/2"]
[WhiteElo "2480"]
[BlackElo "2360"]
[EventDate "1991.06.??"]
[PlyCount "106"]

1. e4 c5 2. Nc3 d6 3. f4 g6 4. Nf3 Bg7 5. g3 Nc6 6. Bg2 e6 7. d3 Nge7 8. Be3 O-O 9. Qd2 Nd4 10. O-O d5 11. Ng5 h6 12. Nh3 Kh7 13. Kh1 Qa5 14. Ng1 Rd8 15. e5 Bd7 16. Bf2 b5 17. a3 Qc7 18. b4 f6 19. bxc5 fxe5 20. fxe5 Nec6 21. Rab1 Rf8 22. Nxb5 Nxb5 23. Rxb5 Nxe5 24. Rb4 a5 25. Rb6 Ng4 26. d4 e5 27. c3 e4 28. Be3 Nxe3 29. Qxe3 Rxf1 30. Bxf1 Rf8 31. Bg2 Bc8 32. Rd6 Qf7 33. Rc6 Bg4 34. h3 Bd7 35. Rc7 Qe6 36. h4 Bb5 37. Nh3 Qg4 38. Kh2 Bf1 39. Nf2 Qe2 40. Qxe2 Bxe2 41. Nh3 Bc4 42. Nf4 Re8 43. c6 e3 44. Rb7 e2 45. Nxe2 Bxe2 46. Bh3 Ba6 47. Ra7 Bc8 48. Bd7 Bxd7 49. Rxd7 Re6 50. c7 Rc6 51. g4 Rxc3 52. h5 a4 53. Kg2 g5 1/2-1/2

[Event "GER-ch"]
[Site "Bad Neuenahr"]
[Date "1991.??.??"]
[Round "10"]
[White "Lutz, Christopher"]
[Black "Buecker, Stefan"]
[Result "1-0"]
[WhiteElo "2500"]
[BlackElo "2345"]
[EventDate "1991.06.??"]
[PlyCount "89"]

1. Nf3 d6 2. d4 Nf6 3. c4 Nbd7 4. Nc3 e5 5. e4 Be7 6. Be2 O-O 7. O-O c6 8. Re1 Qe8 9. Bf1 Kh8 10. Rb1 Bd8 11. b4 Bc7 12. h3 Rg8 13. Be3 exd4 14. Nxd4 Ne5 15. f4 Ng6 16. Qf3 Bd7 17. c5 dxc5 18. bxc5 Ba5 19. Bd2 b6 20. Nb3 Bxc3 21. Bxc3 Qe7 22. Rbd1 Rad8 23. f5 Ne5 24. Qe3 Rb8 25. Rd2 Be8 26. Red1 Nfd7 27. Qd4 Qg5 28. Qf2 Qe7 29. Rd6 f6 30. Re6 Qf8 31. Red6 Qe7 32. Qd4 bxc5 33. Nxc5 Nb6 34. Re6 Qf8 35. Rxe5 fxe5 36. Qxe5 Bf7 37. f6 g6 38. Nd7 Nxd7 39. Rxd7 Rd8 40. Rxf7 Qxf7 41. Bc4 Qf8 42. Qe7 h5 43. Bxg8 Kxg8 44. f7+ Kh7 45. Bb4 1-0

[Event "GER-ch"]
[Site "Bad Neuenahr"]
[Date "1991.??.??"]
[Round "10"]
[White "Schaefer, Markus"]
[Black "Poldauf, Dirk"]
[Result "1/2-1/2"]
[WhiteElo "2400"]
[BlackElo "2355"]
[EventDate "1991.06.??"]
[PlyCount "51"]

1. e4 e6 2. d4 d5 3. Nd2 Nf6 4. e5 Nfd7 5. c3 c5 6. Bd3 Nc6 7. Ne2 cxd4 8. cxd4 f6 9. exf6 Nxf6 10. Nf3 Bd6 11. O-O Qc7 12. Bg5 O-O 13. Bh4 Nh5 14. Qc2 h6 15. Bg6 Nf4 16. Nxf4 Bxf4 17. Rfe1 Bd7 18. Rad1 Rac8 19. Qe2 Qb6 20. Bb1 Qa6 21. Qc2 Rf5 22. Qb3 Rff8 23. Bg3 Na5 24. Qa3 Nc6 25. Qb3 Na5 26. Qa3 1/2-1/2

[Event "GER-ch"]
[Site "Bad Neuenahr"]
[Date "1991.??.??"]
[Round "10"]
[White "Schmittdiel, Eckhard"]
[Black "Volke, Karsten"]
[Result "1/2-1/2"]
[WhiteElo "2485"]
[BlackElo "2395"]
[EventDate "1991.06.??"]
[PlyCount "30"]

1. c4 Nf6 2. Nc3 g6 3. e4 d6 4. g3 Bg7 5. Bg2 O-O 6. Nge2 c5 7. O-O Nc6 8. a3 Ne8 9. Rb1 a5 10. d3 Nc7 11. f4 Bd7 12. Be3 Rb8 13. a4 Nd4 14. h3 f5 15. Nb5 Ncxb5 1/2-1/2

[Event "GER-ch"]
[Site "Bad Neuenahr"]
[Date "1991.??.??"]
[Round "11"]
[White "Hort, Vlastimil"]
[Black "Schoene, Ralf"]
[Result "1-0"]
[WhiteElo "2540"]
[BlackElo "2350"]
[EventDate "1991.06.??"]
[PlyCount "57"]

1. d4 Nf6 2. c4 g6 3. Nc3 Bg7 4. e4 d6 5. Nge2 O-O 6. Ng3 e5 7. d5 c6 8. Be2 cxd5 9. cxd5 a5 10. h4 Na6 11. h5 Nc5 12. Be3 Bd7 13. a4 Ne8 14. Ra3 Nc7 15. Qd2 N7a6 16. Nb5 Qe7 17. hxg6 hxg6 18. Bh6 f6 19. Bxg7 Qxg7 20. Nxd6 Nxa4 21. Ngf5 gxf5 22. exf5 Rf7 23. Rg3 Qxg3 24. fxg3 Rh7 25. Rxh7 Kxh7 26. Nf7 Be8 27. Qh6+ Kg8 28. Qh8+ Kxf7 29. d6 1-0

[Event "GER-ch"]
[Site "Bad Neuenahr"]
[Date "1991.??.??"]
[Round "11"]
[White "Kunze, Markus"]
[Black "Serrer, Christoph"]
[Result "1/2-1/2"]
[WhiteElo "2360"]
[BlackElo "2305"]
[EventDate "1991.06.??"]
[PlyCount "48"]

1. e4 g6 2. d4 c6 3. Nc3 d5 4. Nf3 Bg7 5. h3 Nf6 6. e5 Ne4 7. Bd3 Nxc3 8. bxc3 c5 9. dxc5 O-O 10. O-O Nd7 11. Re1 Nxc5 12. Rb1 Qc7 13. Bd2 b6 14. Qe2 Bb7 15. h4 Ne4 16. h5 Rac8 17. Rb4 Nxd2 18. Nxd2 Qxc3 19. Rh4 Rc6 20. Nf3 Re6 21. hxg6 hxg6 22. Qe3 d4 23. Qxd4 Qxd4 24. Rxd4 Bxf3 1/2-1/2

[Event "GER-ch"]
[Site "Bad Neuenahr"]
[Date "1991.??.??"]
[Round "11"]
[White "Lau, Ralf"]
[Black "Schaefer, Markus"]
[Result "1-0"]
[WhiteElo "2485"]
[BlackElo "2400"]
[EventDate "1991.06.??"]
[PlyCount "123"]

1. g3 g6 2. Bg2 Bg7 3. e4 e5 4. d3 Ne7 5. Nc3 Nbc6 6. f4 d6 7. Nf3 O-O 8. O-O exf4 9. Bxf4 Ne5 10. Qd2 Nxf3+ 11. Rxf3 Bg4 12. Rf2 Qd7 13. Raf1 Bh3 14. Bg5 Bxg2 15. Kxg2 Rae8 16. Bf6 Bxf6 17. Rxf6 Kg7 18. Qf2 Ng8 19. Rf4 a6 20. Nd5 Re5 21. d4 Re6 22. c4 f6 23. h4 c6 24. Nc3 Re7 25. h5 Ref7 26. hxg6 hxg6 27. Qe2 Nh6 28. Rh1 g5 29. Rff1 Qg4 30. Rh5 Qxe2+ 31. Nxe2 Rh8 32. Rfh1 Re7 33. Kf3 Nf7 34. Rxh8 Nxh8 35. g4 Nf7 36. Ng3 Re8 37. Nf5+ Kg8 38. b4 Re6 39. c5 d5 40. exd5 cxd5 41. a4 Nd8 42. b5 a5 43. Rc1 Kf8 44. Rc2 Kf7 45. Nd6+ Ke7 46. Nc8+ Kf7 47. Rc1 Kf8 48. Nb6 Re4 49. Rd1 Ne6 50. Nxd5 Rxd4 51. Rxd4 Nxd4+ 52. Ke4 Nb3 53. c6 bxc6 54. bxc6 Ke8 55. Nxf6+ Kd8 56. Kd5 Nd2 57. Ne4 Nf3 58. Kd6 Kc8 59. c7 Nd4 60. Nxg5 Ne2 61. Nf7 Nd4 62. Nh6 1-0

[Event "GER-ch"]
[Site "Bad Neuenahr"]
[Date "1991.??.??"]
[Round "11"]
[White "Poldauf, Dirk"]
[Black "Hickl, Joerg"]
[Result "0-1"]
[WhiteElo "2355"]
[BlackElo "2480"]
[EventDate "1991.06.??"]
[PlyCount "98"]

1. c4 e5 2. Nc3 d6 3. g3 Nf6 4. Bg2 Be7 5. Nf3 O-O 6. O-O Re8 7. d4 Nbd7 8. e4 c6 9. h3 a6 10. d5 cxd5 11. cxd5 b5 12. Re1 Nb6 13. Nd2 Bd7 14. b4 Qc8 15. Bb2 Bxh3 16. a4 bxa4 17. Nxa4 Nxa4 18. Rxa4 Bd7 19. Ra3 Qb7 20. Qb3 Reb8 21. Bc3 Ne8 22. Nc4 Nc7 23. Na5 Qc8 24. Rc1 Qe8 25. Ra2 Nb5 26. Bf1 Bg5 27. Rcc2 Rc8 28. Bc4 f5 29. exf5 Bxf5 30. Re2 Qh5 31. Nc6 Rf8 32. Ba1 Rae8 33. Re1 Bg4 34. Bf1 Bf3 35. Bg2 Rf6 36. Bxf3 Rxf3 37. Qc4 Ref8 38. Qe4 Qf7 39. Qe2 Qxd5 40. Rc2 Nd4 41. Bxd4 exd4 42. Ne7+ Bxe7 43. Qxe7 d3 44. Rd2 Qd4 45. Re4 Qc3 46. Rg4 Qc1+ 47. Kg2 R3f7 48. Qg5 h6 49. Qe3 Rxf2+ 0-1

[Event "GER-ch"]
[Site "Bad Neuenahr"]
[Date "1991.??.??"]
[Round "12"]
[White "Hickl, Joerg"]
[Black "Lau, Ralf"]
[Result "1-0"]
[WhiteElo "2480"]
[BlackElo "2485"]
[EventDate "1991.06.??"]
[PlyCount "109"]

1. g3 g6 2. c4 Bg7 3. Bg2 e5 4. Nc3 f5 5. d3 d6 6. e4 Nc6 7. h4 h6 8. h5 g5 9. exf5 Bxf5 10. Nge2 Nge7 11. Be3 O-O 12. Qd2 Qd7 13. Be4 Nd4 14. O-O-O c6 15. f4 d5 16. Bg2 Nxe2+ 17. Nxe2 gxf4 18. gxf4 dxc4 19. dxc4 Qe6 20. fxe5 Qxc4+ 21. Nc3 Bxe5 22. Bxh6 Rad8 23. Qe3 Bxc3 24. Qxc3 Rxd1+ 25. Rxd1 Qxc3+ 26. bxc3 Rf6 27. Be3 b6 28. Rd8+ Kf7 29. Ra8 Re6 30. Kd2 Rd6+ 31. Ke1 Rd7 32. Kf2 Nd5 33. Bxd5+ cxd5 34. Kg3 Bb1 35. a3 Ke6 36. h6 Kf5 37. Rg8 Rh7 38. Re8 Kg6 39. Bf4 Rf7 40. Re6+ Kh7 41. Re8 Bd3 42. Rd8 Be4 43. Rd6 Bh1 44. Kg4 Be4 45. Be5 Rf1 46. Bf4 Rg1+ 47. Kh4 Bf5 48. Bd2 Rg4+ 49. Kh5 Ra4 50. Rxd5 Bh3 51. Re5 Bg4+ 52. Kg5 Bd1 53. Re7+ Kh8 54. Bf4 Bc2 55. Re8+ 1-0

[Event "GER-ch"]
[Site "Bad Neuenahr"]
[Date "1991.??.??"]
[Round "12"]
[White "Lutz, Christopher"]
[Black "Muse, Mladen"]
[Result "1/2-1/2"]
[WhiteElo "2500"]
[BlackElo "2460"]
[EventDate "1991.06.??"]
[PlyCount "94"]

1. d4 Nf6 2. c4 g6 3. Nc3 Bg7 4. e4 d6 5. Nf3 O-O 6. Be2 c5 7. O-O cxd4 8. Nxd4 Nc6 9. Be3 Bd7 10. Nc2 Rc8 11. f3 a6 12. Qd2 Ne5 13. Na3 Be6 14. Nd5 Nfd7 15. Rac1 f5 16. exf5 gxf5 17. Bg5 Bxd5 18. cxd5 Rxc1 19. Rxc1 Qb6+ 20. Be3 Bh6 21. Bxb6 Bxd2 22. Rc2 Nxb6 23. Rxd2 Rc8 24. f4 Ng4 25. Bxg4 fxg4 26. Kf2 Rc5 27. Kg3 h5 28. Kh4 Rxd5 29. Re2 Kf7 30. Nc2 Ra5 31. Nd4 Nd5 32. Ne6 Kf6 33. a3 Rb5 34. g3 Rb3 35. Ng5 Kg6 36. Re6+ Kf5 37. Re2 Re3 38. Rd2 Nf6 39. Rc2 b5 40. Rd2 Kg6 41. Rf2 e6 42. Nxe6 Ne4 43. Rc2 Rd3 44. Nf8+ Kf7 45. Nh7 Kg6 46. Nf8+ Kf7 47. Nh7 Kg6 1/2-1/2

[Event "GER-ch"]
[Site "Bad Neuenahr"]
[Date "1991.??.??"]
[Round "12"]
[White "Schmittdiel, Eckhard"]
[Black "Boensch, Uwe"]
[Result "1/2-1/2"]
[WhiteElo "2485"]
[BlackElo "2470"]
[EventDate "1991.06.??"]
[PlyCount "80"]

1. e4 c5 2. c3 d5 3. exd5 Qxd5 4. d4 Nf6 5. Nf3 e6 6. Nbd2 Nc6 7. Bc4 Qd8 8. Nb3 cxd4 9. Nbxd4 Nxd4 10. Nxd4 Be7 11. Bf4 O-O 12. O-O Bd7 13. Qe2 Qa5 14. Rfe1 Qh5 15. Qd2 Qc5 16. Bb3 Rad8 17. Qe2 Bd6 18. Bxd6 Qxd6 19. Rad1 Qb6 20. Rd3 e5 21. Nc2 a5 22. Ne3 Bb5 23. c4 Bc6 24. Rxd8 Rxd8 25. Nd5 Bxd5 26. cxd5 e4 27. Rd1 h5 28. h3 Rd6 29. Qd2 g6 30. Qc3 Nd7 31. Rc1 a4 32. Bxa4 Rxd5 33. Rd1 Rxd1+ 34. Bxd1 Qd6 35. Bc2 Nc5 36. Qc4 Qe5 37. b4 Nd3 38. Bxd3 exd3 39. Qxd3 Qe1+ 40. Kh2 Qxb4 1/2-1/2

[Event "GER-ch"]
[Site "Bad Neuenahr"]
[Date "1991.??.??"]
[Round "13"]
[White "Buecker, Stefan"]
[Black "Hickl, Joerg"]
[Result "0-1"]
[WhiteElo "2345"]
[BlackElo "2480"]
[EventDate "1991.06.??"]
[PlyCount "94"]

1. e4 c6 2. d4 d6 3. Bd3 e5 4. c3 Nf6 5. Ne2 g6 6. O-O Bg7 7. Nd2 O-O 8. h3 Nbd7 9. f4 Qe7 10. Qc2 exf4 11. Nxf4 b6 12. b4 Bb7 13. Bb2 c5 14. Rae1 Rae8 15. bxc5 bxc5 16. Qa4 a6 17. Qa5 Bh6 18. Bc1 Bg7 19. Qc7 Rb8 20. Nf3 Rfc8 21. Qa5 cxd4 22. cxd4 Nxe4 23. Bxe4 Bxe4 24. Qxa6 Nb6 25. Nd3 Qb7 26. Qxb7 Bxb7 27. Bb2 Ba6 28. Rd1 Na4 29. Ba1 Nc3 30. Bxc3 Rxc3 31. Nfe1 Bxd4+ 32. Kh1 Re8 33. Rf4 Be3 34. Ra4 Bb5 35. Rb4 Bc6 36. Rb3 Rxb3 37. axb3 Re6 38. Nb4 Bb7 39. Nec2 Bc5 40. Nd3 Bxg2+ 41. Kxg2 Re2+ 42. Kf3 Rxc2 43. b4 Bb6 44. Ke4 Kf8 45. Ra1 Rc3 46. Ra8+ Kg7 47. Rb8 d5+ 0-1

[Event "GER-ch"]
[Site "Bad Neuenahr"]
[Date "1991.??.??"]
[Round "13"]
[White "Kunze, Markus"]
[Black "Schoene, Ralf"]
[Result "1-0"]
[WhiteElo "2360"]
[BlackElo "2350"]
[EventDate "1991.06.??"]
[PlyCount "86"]

1. e4 e5 2. Nf3 Nc6 3. Bb5 a6 4. Ba4 d6 5. Bxc6+ bxc6 6. d4 exd4 7. Qxd4 c5 8. Qd3 Ne7 9. Nc3 Qd7 10. Be3 Bb7 11. O-O-O O-O-O 12. Qc4 Ng6 13. h4 Qe8 14. h5 Ne5 15. Nxe5 Qxe5 16. Qxf7 Qe8 17. Qc4 Be7 18. Nd5 Bf6 19. Bf4 Rf8 20. Bg3 Qb5 21. Qxb5 axb5 22. f3 Bc6 23. Bh4 Bxh4 24. Rxh4 Rf7 25. Ne3 Bd7 26. a3 Be6 27. Nd5 Kb7 28. Nf4 Bd7 29. Nh3 h6 30. Nf4 Ra8 31. Kd2 Ra4 32. Ke3 b4 33. axb4 Rxb4 34. Nd3 Rb6 35. b3 Be8 36. Kd2 Rf6 37. Kc3 Bf7 38. Rg4 g5 39. hxg6 Bxg6 40. Rh1 Bf7 41. Rf4 Rxf4 42. Nxf4 h5 43. Nxh5 c4 1-0

[Event "GER-ch"]
[Site "Bad Neuenahr"]
[Date "1991.??.??"]
[Round "13"]
[White "Lau, Ralf"]
[Black "Serrer, Christoph"]
[Result "1/2-1/2"]
[WhiteElo "2485"]
[BlackElo "2305"]
[EventDate "1991.06.??"]
[PlyCount "37"]

1. e4 c6 2. d4 d5 3. exd5 cxd5 4. c4 Nf6 5. Nc3 g6 6. cxd5 Nxd5 7. Bc4 Nb6 8. Bb3 Bg7 9. Nf3 Nc6 10. d5 Na5 11. O-O Nxb3 12. axb3 O-O 13. Re1 Bxc3 14. bxc3 Qxd5 15. Qxd5 Nxd5 16. c4 Nb4 17. Rxe7 Nc6 18. Rc7 f6 19. Be3 1/2-1/2

[Event "GER-ch"]
[Site "Bad Neuenahr"]
[Date "1991.??.??"]
[Round "13"]
[White "Muse, Mladen"]
[Black "Uhlmann, Wolfgang"]
[Result "0-1"]
[WhiteElo "2460"]
[BlackElo "2510"]
[EventDate "1991.06.??"]
[PlyCount "96"]

1. d4 Nf6 2. Nf3 g6 3. Bg5 Bg7 4. Nbd2 c5 5. c3 cxd4 6. cxd4 Nc6 7. e3 Qb6 8. Nc4 Qd8 9. Bd3 d5 10. Ncd2 Qb6 11. Qb3 Qxb3 12. Nxb3 Ne4 13. Bf4 Nb4 14. Bb5+ Bd7 15. Bxd7+ Kxd7 16. Ke2 Rhc8 17. Rhc1 b6 18. a3 Nc2 19. Rab1 Rc6 20. Ne1 Rac8 21. Nd3 g5 22. Bg3 a5 23. f3 Nxg3+ 24. hxg3 Re6 25. Ndc5+ bxc5 26. Rxc2 Bxd4 27. Nxd4 cxd4 28. Rxc8 Kxc8 29. Rc1+ Kb7 30. Rc5 Rxe3+ 31. Kd2 g4 32. Rxa5 gxf3 33. gxf3 e6 34. Rb5+ Ka6 35. a4 Rxf3 36. g4 Rg3 37. b4 Ra3 38. Ra5+ Kb6 39. g5 d3 40. Ra8 e5 41. Rd8 Kc6 42. b5+ Kc5 43. Rc8+ Kd4 44. b6 e4 45. b7 e3+ 46. Kc1 d2+ 47. Kc2 Ra2+ 48. Kb1 d1=Q+ 0-1